[Event "AUT-chT2M 1314"]
[Site "Austria"]
[Date "2014.04.04"]
[Round "9.5"]
[White "Testor, Sebastian"]
[Black "Tscharnuter, Hannes"]
[Result "1-0"]
[WhiteElo "2262"]
[BlackElo "2041"]
[PlyCount "69"]
[EventDate "2013.10.04"]
[EventType "team-tourn"]
[EventRounds "11"]
[EventCountry "AUT"]
[SourceTitle "EXT 2015"]
[Source "ChessBase"]
[SourceDate "2014.11.20"]
[SourceVersion "1"]
[SourceVersionDate "2014.11.20"]
[SourceQuality "1"]
[WhiteTeam "Sauwald"]
[BlackTeam "Feffernitz"]
[WhiteTeamCountry "AUT"]
[BlackTeamCountry "AUT"]

1. d4 c5 2. d5 d6 3. e4 Nf6 4. Nc3 e5 5. Bb5+ Nbd7 6. a4 Be7 7. f4 exf4 8. Bxf4 0-0 9. Nf3 a6 10. Bxd7 Bxd7 11. 0-0 b5 12. e5 dxe5 13. Bxe5 b4 14. d6 bxc3 15. dxe7 Qxe7 16. Bxf6 gxf6 17. bxc3 Qe3+ 18. Kh1 Bg4 19. Qd6 Be6 20. Rad1 Qxc3 21. Rd3 Qxc2 22. Nd2 Rfd8 23. Rg3+ Kh8 24. Qf4 Qb2 25. Ne4 Rg8 26. Nxf6 Rxg3 27. hxg3 Qd4 28. Qg5 Qd3 29. Rf4 Rc8 30. Qe5 Qg6 31. Rh4 c4 32. Nxh7+ Kg8 33. Nf6+ Kg7 34. Ne8+ Kf8 35. Rh8+ 1-0

[Event "Feffernitz Raika op 07th"]
[Site "Feffernitz"]
[Date "1998.08.22"]
[Round "?"]
[White "Tscharnuter, Hannes"]
[Black "Neff, Gregor"]
[Result "1-0"]
[WhiteElo "1760"]
[BlackElo "1381"]
[PlyCount "59"]
[EventDate "1998.08.??"]
[EventType "swiss"]
[EventRounds "9"]
[EventCountry "AUT"]
[SourceTitle "EXT 2004"]
[Source "ChessBase"]
[SourceDate "2003.11.25"]
[SourceVersion "1"]
[SourceVersionDate "2003.11.25"]
[SourceQuality "1"]

1. e4 e5 2. Nf3 Nc6 3. Bc4 Nf6 4. Ng5 d5 5. exd5 Na5 6. Bb5+ c6 7. dxc6 bxc6 8. Be2 h6 9. Nf3 e4 10. Ne5 Qd5 11. f4 exf3 12. Nxf3 Bf5 13. d4 c5 14. c4 Qd7 15. d5 Bd6 16. Nc3 a6 17. 0-0 Qc7 18. Bd3 Bg4 19. h3 Bh2+ 20. Kh1 Nh5 21. Qe1+ Kd7 22. Nxh2 Ng3+ 23. Kg1 Nxf1 24. Qxf1 Bh5 25. Qf5+ Kd8 26. Qxh5 Re8 27. Bd2 f6 28. Nf3 Nb7 29. Qg4 g5 30. Re1 1-0